| 000 | 00740nam a2200265Ia 4500 | ||
|---|---|---|---|
| 001 | Para_1813 | ||
| 003 | CHAP | ||
| 008 | 220125s1988 xx 000 0 und d | ||
| 010 | _a200426 | ||
| 040 | _cCHAP | ||
| 082 | _aPA 635.655 W9 | ||
| 100 |
_aWyllie, T.D. _9165299 |
||
| 245 |
_aSay bean diseases of the north central region / _c by T.D. Wyllie and D.H. Scott |
||
| 260 |
_aSt. Paul, Minn. : _b American Phytopathological Society |
||
| 300 | _a149 p. | ||
| 650 |
_aSoya _x enférmedades _9109044 |
||
| 700 |
_aScott, D.H. _9103372 |
||
| 901 | _aPA 635.655 W9 | ||
| 902 | _aA | ||
| 905 | _a0000001988 i 0000000000 00 | ||
| 910 | _a1988 | ||
| 942 | _cPARA | ||
| 942 |
_cPARA _d1 |
||
| 999 |
_c200426 _d200426 |
||